Zur Problematik der zeitweiligen Ausschließung des Angeklagten gemäß § 51 Abs. 1 JGG bzw. § 247 S. 3 StPO aus der Sicht des jugendpsychiatrischen Sachverständigen

Saved in:  
Bibliographic Details
Main Author: Klosinoki, G. (Author)
Format: Print Article
Language:German
Published: 1983
In: Zeitschrift für Kinder- und Jugendpsychiatrie
Year: 1983, Volume: 11, Issue: 4, Pages: 349-354
Check availability: HBZ Gateway
Keywords:

MARC

LEADER 00000caa a22000002c 4500
001 163667920X
003 DE-627
005 20220608113107.0
007 tu
008 140226s1983 xx ||||| 00| ||ger c
035 |a (DE-627)163667920X 
035 |a (DE-576)401704475 
035 |a (DE-599)BSZ401704475 
040 |a DE-627  |b ger  |c DE-627  |e rakwb 
041 |a ger 
100 1 |a Klosinoki, G.  |4 aut 
245 1 0 |a Zur Problematik der zeitweiligen Ausschließung des Angeklagten gemäß § 51 Abs. 1 JGG bzw. § 247 S. 3 StPO aus der Sicht des jugendpsychiatrischen Sachverständigen  |c G. Klosinoki 
264 1 |c 1983 
336 |a Text  |b txt  |2 rdacontent 
337 |a ohne Hilfsmittel zu benutzen  |b n  |2 rdamedia 
338 |a Band  |b nc  |2 rdacarrier 
773 0 8 |i In  |t Zeitschrift für Kinder- und Jugendpsychiatrie  |d Bern : Huber, 1973  |g 11(1983), 4, Seite 349-354  |w (DE-627)129389676  |w (DE-600)184566-4  |w (DE-576)014775360  |x 0301-6811  |7 nnas 
773 1 8 |g volume:11  |g year:1983  |g number:4  |g pages:349-354 
951 |a AR 
ELC |b 1 
LOK |0 000 xxxxxcx a22 zn 4500 
LOK |0 001 3294283741 
LOK |0 003 DE-627 
LOK |0 004 163667920X 
LOK |0 005 20140226160802 
LOK |0 008 140226||||||||||||||||ger||||||| 
LOK |0 040   |a DE-21-110  |c DE-627  |d DE-21-110 
LOK |0 689   |a s  |a Angeklagte 
LOK |0 689   |a s  |a Ausschließung 
LOK |0 689   |a s  |a Jugendstrafverfahren 
LOK |0 852   |z Kein Bestand am IfK; Nachweis für KrimDok 
LOK |0 852   |a DE-21-110 
LOK |0 852 1  |m v  |9 00 
LOK |0 935   |a k110 
LOK |0 938   |k v 
LOK |0 939   |a 26-02-14  |b l01 
ORI |a SA-MARC-krimdoka001.raw